LDR 01105naa#a2200181#i#450# 001 RU\\bibl\19422 005 20260516023623.6 100 ## _a20260515b2026####ek#y0rusy0150####ca 102 ## _aRU 200 1# _aФИЗИОЛОГИЧЕСКИЕ МЕХАНИЗМЫ ИЗМЕНЕНИЯ КОРНЕВОЙ СИСТЕМЫ ХВОЙНЫХ ПОРОД ПОД ДЕЙСТВИЕМ ОРГАНОМИНЕРАЛЬНЫХ КОМПЛЕКСОВ ИЗ ВТОРИЧНЫХ РЕСУРСОВ _eСтатья/тезисы конференции 210 1# _aВоронеж _cВоронежский государственный лесотехнический университет имени Г.Ф. Морозова _d2026 215 ## _a7 с. 608 ## _aСтатья/тезисы конференции _2local 675 ## _aВыращивание растений и уход за ними. Прививка. Посадка, пересадка и т. п.. 635-154 _z 700 #1 _aЖивитченко _gД. И. 700 #1 _aБрындина _gЛариса Васильевна 700 #1 _aКорчагина _gАнна Юрьевна 856 4# _abibl.vgltu.ru _u